[Event "BL 0607 SF Katernberg - SV Wattenscheid"]
[Site "?"]
[Date "2006.12.10"]
[Round "6.7"]
[White "Handke, Florian"]
[Black "Souleidis, Georgios"]
[Result "1-0"]
[WhiteElo "2459"]
[BlackElo "2407"]
[PlyCount "65"]
[EventDate "2006.??.??"]

1. e4 c5 2. Nf3 Nc6 3. Bb5 Nf6 4. Nc3 Nd4 5. e5 Nxb5 6. Nxb5 Nd5 7. Ng5 h6 8.
Nxf7 Kxf7 9. Qf3+ Nf6 10. exf6 exf6 11. Qd5+ Kg6 12. O-O Qb6 13. c4 Qe6 14.
Qd3+ Qf5 15. Qg3+ Qg5 16. Qb3 Qe5 17. d4 cxd4 18. Bd2 a6 19. Rfe1 Qc5 20. Qd3+
Qf5 21. Qg3+ Kf7 22. Nc7 Ra7 23. Nd5 b5 24. Ne7 Bxe7 25. Rxe7+ Kxe7 26. Qxg7+
Kd6 27. Qxh8 Ra8 28. Qf8+ Kc6 29. cxb5+ axb5 30. Rc1+ Kb7 31. Qd6 Qe5 32. Rc7+
Kb8 33. Qb6+ 1-0

[Event "BL 0607 SF Katernberg - SV Wattenscheid"]
[Site "?"]
[Date "2006.12.10"]
[Round "6.8"]
[White "Thesing, Matthias"]
[Black "Dinstuhl, Volkmar Dr"]
[Result "1/2-1/2"]
[WhiteElo "2410"]
[BlackElo "2426"]
[PlyCount "125"]
[EventDate "2006.??.??"]

1. e4 e5 2. Nf3 Nc6 3. Bb5 a6 4. Ba4 Nf6 5. O-O Be7 6. Re1 b5 7. Bb3 d6 8. c3
O-O 9. d4 Bg4 10. Be3 exd4 11. cxd4 Na5 12. Bc2 c5 13. Nc3 Nc4 14. dxc5 dxc5
15. e5 Nxe3 16. Rxe3 Qxd1+ 17. Rxd1 Nd7 18. a4 Rab8 19. axb5 axb5 20. e6 Nf6
21. exf7+ Rxf7 22. Rde1 Bxf3 23. Rxe7 Bc6 24. R7e6 Rc7 25. R6e5 b4 26. Bb3+ Kf8
27. Nb1 Re8 28. Nd2 Rxe5 29. Rxe5 Rd7 30. Nc4 Bd5 31. h3 Re7 32. Rxe7 Kxe7 33.
f3 Nh5 34. Nd2 Bxb3 35. Nxb3 Kd6 36. Kf2 Kd5 37. Ke3 Ng3 38. Nd2 c4 39. Kf2 c3
40. bxc3 bxc3 41. Nb3 Nf5 42. Nc1 Kd4 43. Ke2 g5 44. Na2 c2 45. Kd2 Nh4 46. Nc1
Nxg2 47. Ne2+ Ke5 48. Kxc2 Ne1+ 49. Kd2 Nxf3+ 50. Ke3 Nh4 51. Kf2 Nf5 52. Kf3
h5 53. Nc3 Nd4+ 54. Kg2 Kf4 55. Nd5+ Ke5 56. Nc3 Ne6 57. Kg3 Nf4 58. Nd1 Ke4
59. Nc3+ Kd3 60. Nd1 Ne2+ 61. Kf3 Ng1+ 62. Kg2 Ne2 63. Kf3 1/2-1/2

[Event "BL 0607 SV Mülheim Nord - Solinger SG"]
[Site "?"]
[Date "2006.12.10"]
[Round "6.3"]
[White "Stellwagen, Daniel"]
[Black "Golod, Vitali"]
[Result "1-0"]
[WhiteElo "2576"]
[BlackElo "2582"]
[PlyCount "89"]
[EventDate "2006.??.??"]

1. e4 e5 2. Nf3 Nc6 3. Bb5 a6 4. Ba4 Nf6 5. O-O Be7 6. Re1 b5 7. Bb3 d6 8. c3
O-O 9. h3 Nb8 10. d4 Nbd7 11. Nbd2 Bb7 12. Bc2 Re8 13. Nf1 Bf8 14. Ng3 g6 15.
a4 Bg7 16. Bd3 c6 17. Bg5 Nf8 18. Qd2 Ne6 19. Be3 Qc7 20. b4 Nd7 21. Bf1 Rac8
22. Rec1 Nb6 23. a5 Nd7 24. d5 cxd5 25. exd5 Nf4 26. c4 bxc4 27. Bxc4 Qb8 28.
b5 Qa8 29. Ne4 Bf8 30. Bxf4 exf4 31. bxa6 Bxa6 32. Qd3 Rxc4 33. Rxc4 Bg7 34.
Raa4 Qb8 35. Qc2 Bxc4 36. Rxc4 h6 37. Rc6 Ne5 38. Nxd6 Nxc6 39. Nxe8 Nd4 40.
Qe4 Nxf3+ 41. gxf3 Be5 42. a6 Qxe8 43. d6 Qd7 44. Qxe5 Qxh3 45. Qd5 1-0

[Event "BL 0607 SV Mülheim Nord - Solinger SG"]
[Site "?"]
[Date "2006.12.10"]
[Round "6.5"]
[White "Werle, Jan"]
[Black "Levin, Felix"]
[Result "1/2-1/2"]
[WhiteElo "2551"]
[BlackElo "2513"]
[PlyCount "45"]
[EventDate "2006.??.??"]

1. Nf3 Nf6 2. c4 c5 3. Nc3 e6 4. g3 b6 5. Bg2 Bb7 6. O-O Be7 7. d4 cxd4 8. Qxd4
d6 9. Rd1 a6 10. b3 Nbd7 11. Ng5 Bxg2 12. Kxg2 O-O 13. Nge4 Ne8 14. Bb2 Qc7 15.
f3 Qb7 16. Nf2 b5 17. cxb5 axb5 18. Qb4 Rb8 19. Nce4 Nc5 20. Bd4 Na6 21. Qd2 d5
22. Nc3 f6 23. Be3 1/2-1/2

[Event "BL 0607 SV Mülheim Nord - Solinger SG"]
[Site "?"]
[Date "2006.12.10"]
[Round "6.6"]
[White "Saltaev, Mihail"]
[Black "Hoffmann, Michael"]
[Result "1/2-1/2"]
[WhiteElo "2512"]
[BlackElo "2477"]
[PlyCount "25"]
[EventDate "2006.??.??"]

1. e4 c5 2. Nf3 d6 3. d4 cxd4 4. Nxd4 Nf6 5. Nc3 a6 6. Bc4 b5 7. Bd5 Nxd5 8.
exd5 Bb7 9. Nf5 Qc8 10. Ne3 Nd7 11. O-O Nf6 12. Qd4 Qc5 13. Rd1 1/2-1/2

[Event "BL 0607 SV Mülheim Nord - Solinger SG"]
[Site "?"]
[Date "2006.12.10"]
[Round "6.7"]
[White "Smeets, Jan"]
[Black "Hausrath, Daniel"]
[Result "1-0"]
[WhiteElo "2525"]
[BlackElo "2529"]
[PlyCount "49"]
[EventDate "2006.??.??"]

1. e4 c5 2. Nf3 g6 3. d4 cxd4 4. Nxd4 Bg7 5. c4 Nc6 6. Be3 Nf6 7. Nc3 d6 8. Be2
O-O 9. O-O Bd7 10. Qd2 a5 11. Ndb5 a4 12. c5 Ng4 13. Bxg4 Bxg4 14. cxd6 exd6
15. Rac1 Ne5 16. Nd5 Bf3 17. Rc7 Qh4 18. h3 Bxe4 19. Bg5 Qh5 20. f4 Nf3+ 21.
gxf3 Bxd5 22. Qxd5 h6 23. Re1 hxg5 24. Ree7 gxf4 25. Rxf7 1-0

[Event "BL 0607 Bindl-Aktionär - Hamburger SK"]
[Site "?"]
[Date "2006.12.10"]
[Round "6.1"]
[White "Gustafsson, Jan"]
[Black "Naiditsch, Arkadij"]
[Result "1-0"]
[WhiteElo "2584"]
[BlackElo "2676"]
[PlyCount "75"]
[EventDate "2006.??.??"]

1. d4 Nf6 2. c4 e6 3. Nc3 c5 4. d5 exd5 5. cxd5 d6 6. e4 g6 7. h3 Bg7 8. Nf3
O-O 9. Bd3 Na6 10. O-O Nc7 11. Re1 Re8 12. a4 b6 13. Bf4 Ba6 14. Rb1 h6 15. Bh2
Rc8 16. Bxa6 Nxa6 17. Nd2 Bf8 18. Nb5 Ra8 19. Qf3 Nb4 20. Nc4 Nc2 21. Nbxd6
Nxe1 22. Rxe1 Bxd6 23. Nxd6 Rf8 24. Nb7 Qe7 25. Bd6 Qxb7 26. Qxf6 Rfe8 27. Be5
Rxe5 28. Qxe5 Qa6 29. b3 c4 30. d6 cxb3 31. d7 Qxa4 32. Rd1 Rd8 33. Qe7 b2 34.
Qxd8+ Kg7 35. Rb1 Qxe4 36. Rxb2 Qe1+ 37. Kh2 Qe5+ 38. f4 1-0

[Event "BL 0607 Bindl-Aktionär - Hamburger SK"]
[Site "?"]
[Date "2006.12.10"]
[Round "6.2"]
[White "Navara, David"]
[Black "Ftacnik, Lubomir"]
[Result "1-0"]
[WhiteElo "2725"]
[BlackElo "2580"]
[PlyCount "81"]
[EventDate "2006.??.??"]

1. e4 c5 2. Nf3 d6 3. d4 cxd4 4. Nxd4 Nf6 5. Nc3 a6 6. Be2 e6 7. a4 Nc6 8. O-O
Be7 9. f4 Qc7 10. Be3 O-O 11. Kh1 Re8 12. Bf3 Rb8 13. g4 Bf8 14. g5 Nd7 15. Bg2
b6 16. Qd2 Bb7 17. Qf2 g6 18. Rad1 Nb4 19. Rd2 e5 20. Nde2 exf4 21. Nxf4 Nc5
22. Rd4 a5 23. Rxb4 axb4 24. Nfd5 Bxd5 25. Nxd5 Qa7 26. Nf6+ Kh8 27. Nxe8 Rxe8
28. Qxf7 Qxf7 29. Rxf7 Nxa4 30. Bd4+ Kg8 31. Rb7 Nc5 32. Rxb6 Ne6 33. Bf6 Nf4
34. Bf3 d5 35. e5 Rc8 36. e6 Rxc2 37. h4 Rf2 38. Bg4 Rf1+ 39. Kh2 Re1 40. Kg3
Re4 41. e7 1-0

[Event "BL 0607 Bindl-Aktionär - Hamburger SK"]
[Site "?"]
[Date "2006.12.10"]
[Round "6.3"]
[White "Kempinski, Robert"]
[Black "Baklan, Vladimir"]
[Result "1/2-1/2"]
[WhiteElo "2590"]
[BlackElo "2622"]
[PlyCount "27"]
[EventDate "2006.??.??"]

1. d4 Nf6 2. c4 e6 3. Nf3 b6 4. g3 Ba6 5. Qa4 Bb7 6. Bg2 c5 7. dxc5 bxc5 8. O-O
Be7 9. Nc3 O-O 10. Rd1 d6 11. Bf4 a6 12. Rd2 Qc7 13. Rad1 Rd8 14. h3 1/2-1/2

[Event "BL 0607 Bindl-Aktionär - Hamburger SK"]
[Site "?"]
[Date "2006.12.10"]
[Round "6.4"]
[White "Baramidze, David"]
[Black "Hansen, Sune Berg"]
[Result "1/2-1/2"]
[WhiteElo "2585"]
[BlackElo "2561"]
[PlyCount "67"]
[EventDate "2006.??.??"]

1. e4 e5 2. Nf3 Nc6 3. Bb5 Nf6 4. O-O Nxe4 5. d4 Nd6 6. Bxc6 dxc6 7. dxe5 Nf5
8. Qxd8+ Kxd8 9. Nc3 Ke8 10. Re1 Bb4 11. Bd2 h6 12. Rad1 Be6 13. a3 Bxc3 14.
Bxc3 c5 15. h3 Rd8 16. g4 Ne7 17. Kh2 b6 18. Kg3 g5 19. Rxd8+ Kxd8 20. Nd2 Kd7
21. Ne4 Kc6 22. Rd1 Ng6 23. Nf6 Ra8 24. h4 gxh4+ 25. Kf3 Ne7 26. Rh1 h5 27.
gxh5 h3 28. Kg3 Nd5 29. Nxd5 Rg8+ 30. Kh4 Rg4+ 31. Kxh3 Rg5+ 32. Kh4 Rg4+ 33.
Kh3 Rg5+ 34. Kh4 1/2-1/2

[Event "BL 0607 Bindl-Aktionär - Hamburger SK"]
[Site "?"]
[Date "2006.12.10"]
[Round "6.6"]
[White "Bischoff, Klaus"]
[Black "Reeh, Oliver"]
[Result "1-0"]
[WhiteElo "2533"]
[BlackElo "2445"]
[PlyCount "125"]
[EventDate "2006.??.??"]

1. d4 Nf6 2. c4 e6 3. g3 Bb4+ 4. Bd2 Qe7 5. Bg2 Nc6 6. e3 e5 7. d5 Nb8 8. Ne2
a5 9. Nbc3 O-O 10. a3 Bxc3 11. Nxc3 d6 12. e4 Nbd7 13. Rb1 Nb6 14. b3 a4 15.
Nxa4 Nxa4 16. bxa4 b6 17. O-O Nd7 18. a5 bxa5 19. Be3 Nc5 20. Qd2 a4 21. Bxc5
dxc5 22. Rb2 Bd7 23. Rfb1 Qd6 24. Qe3 Ra6 25. Bf1 Rb6 26. Rxb6 cxb6 27. Rb2 h6
28. Qc1 Rb8 29. h4 Kf8 30. Kh2 Ke7 31. Bh3 Be8 32. Qc3 Kd8 33. Bf1 Kc7 34. Qe3
f6 35. Qf3 g5 36. h5 Rd8 37. Bh3 Qe7 38. Bg4 Rd6 39. Kg2 Rd8 40. Rb1 Rd6 41.
Qc3 Rd8 42. Kf1 Rb8 43. Rd1 Kd6 44. Kg2 Qh7 45. Qf3 Qe7 46. Rd3 Rd8 47. Kh3 Qf7
48. Qf5 Ke7 49. Kg2 Bd7 50. Qf3 Be8 51. Rd2 Rd6 52. Kh3 Kf8 53. Rb2 Kg7 54. Qe3
Qc7 55. f4 Qe7 56. fxg5 fxg5 57. Kg2 Rf6 58. Qc3 Qd6 59. Rb1 Rf7 60. Bf5 Rb7
61. Bc8 Rb8 62. Bg4 Rb7 63. Rf1 1-0

[Event "BL 0607 Bindl-Aktionär - Hamburger SK"]
[Site "?"]
[Date "2006.12.10"]
[Round "6.7"]
[White "Heinemann, Thies"]
[Black "Stohl, Igor Dr"]
[Result "1/2-1/2"]
[WhiteElo "2453"]
[BlackElo "2551"]
[PlyCount "42"]
[EventDate "2006.??.??"]

1. e4 c5 2. Nf3 d6 3. d4 cxd4 4. Nxd4 Nf6 5. Nc3 a6 6. Be3 e6 7. f4 b5 8. Bd3
b4 9. Nb1 Bb7 10. Nd2 Nbd7 11. Qf3 e5 12. Nf5 g6 13. Ng3 exf4 14. Qxf4 Ne5 15.
Nc4 Nfg4 16. Nxe5 Nxe5 17. O-O Bg7 18. a3 bxa3 19. Rxa3 O-O 20. Be2 Rc8 21. Rb3
Qe7 1/2-1/2

[Event "BL 0607 SF Berlin - Werder Bremen"]
[Site "?"]
[Date "2006.12.10"]
[Round "6.2"]
[White "Polzin, Rainer"]
[Black "Efimenko, Zahar"]
[Result "1/2-1/2"]
[WhiteElo "2480"]
[BlackElo "2612"]
[PlyCount "118"]
[EventDate "2006.??.??"]

1. e4 c5 2. Nc3 d6 3. f4 Nc6 4. Nf3 g6 5. Bc4 Bg7 6. O-O e6 7. d3 Nge7 8. Qe1
O-O 9. Bb3 Na5 10. Nd1 b5 11. c3 Nxb3 12. axb3 Bb7 13. Be3 Qd7 14. Qh4 f5 15.
e5 Nd5 16. Bd2 h6 17. Nf2 a6 18. Rae1 Rae8 19. Qg3 Ne7 20. exd6 Qxd6 21. Ne5
Kh7 22. h4 Bf6 23. Re2 Rg8 24. Rfe1 Nc6 25. Nh3 Qc7 26. Nf3 Nd8 27. Be3 Nf7 28.
Bf2 Qc6 29. Qh2 Kg7 30. Qg3 Kh7 31. Qh2 Bh8 32. b4 cxb4 33. Bd4 Bxd4+ 34. Nxd4
Qc5 35. Kh1 Bd5 36. Nxe6 Bxe6 37. Rxe6 Rxe6 38. Rxe6 bxc3 39. bxc3 Qxc3 40.
Rxa6 Qxd3 41. Ra7 Rg7 42. Qg1 Nd6 43. Qa1 Ne8 44. Ra8 Re7 45. Kh2 Qd6 46. Ra6
Qd2 47. Rb6 Qd7 48. Qb2 Nd6 49. Qd4 Ne4 50. Qxd7 Rxd7 51. Rxb5 Nf6 52. Rb3 Ng4+
53. Kg3 Kg7 54. Nf2 Nf6 55. Nd3 Ne4+ 56. Kh2 Nd2 57. Ra3 Nb1 58. Ra1 Rxd3 59.
Rxb1 Rd7 1/2-1/2

[Event "BL 0607 SF Berlin - Werder Bremen"]
[Site "?"]
[Date "2006.12.10"]
[Round "6.3"]
[White "Hracek, Zbynek"]
[Black "Thiede, Lars"]
[Result "1/2-1/2"]
[WhiteElo "2614"]
[BlackElo "2504"]
[PlyCount "112"]
[EventDate "2006.??.??"]

1. e4 g6 2. d4 Bg7 3. Nc3 d6 4. Nf3 Nf6 5. Be2 O-O 6. O-O e6 7. e5 dxe5 8. Nxe5
Nfd7 9. Nf3 Nc6 10. Bg5 f6 11. Be3 Ne7 12. Bc4 Nb6 13. Bb3 Nf5 14. Re1 Nxe3 15.
Rxe3 Nd5 16. Nxd5 exd5 17. Qe2 Qd6 18. Re1 Bd7 19. c3 Bh6 20. Re7 Rfe8 21.
Rxe8+ Rxe8 22. Qd1 c6 23. Rxe8+ Bxe8 24. Ne1 Bd7 25. Qe2 Qe6 26. Kf1 Kf7 27.
Nd3 Ke7 28. Bc2 Qxe2+ 29. Kxe2 Kd6 30. g3 b6 31. b4 Bg4+ 32. f3 Bc8 33. f4 Ke7
34. Nf2 Kf7 35. Ke3 Bf8 36. Nd3 Bd6 37. Ba4 Bd7 38. h4 h6 39. Kf3 Bf5 40. Ke3
Bd7 41. Kf3 Kg7 42. Nf2 h5 43. Nd3 Kf7 44. Nf2 Be8 45. Nd1 Ke6 46. Ne3 Be7 47.
f5+ gxf5 48. Bc2 Bg6 49. Ng2 Bd6 50. a4 a6 51. Nf4+ Bxf4 52. Kxf4 b5 53. a5 Bh7
54. Bd1 Bg6 55. Bf3 Bf7 56. Be2 Bg6 1/2-1/2

[Event "BL 0607 SF Berlin - Werder Bremen"]
[Site "?"]
[Date "2006.12.10"]
[Round "6.4"]
[White "Berndt, Stephan"]
[Black "Babula, Vlastimil"]
[Result "1/2-1/2"]
[WhiteElo "2445"]
[BlackElo "2584"]
[PlyCount "60"]
[EventDate "2006.??.??"]

1. e4 c5 2. Nf3 d6 3. d4 cxd4 4. Nxd4 Nf6 5. Nc3 e6 6. Bc4 Be7 7. a3 O-O 8. O-O
Nxe4 9. Nxe4 d5 10. Bd3 dxe4 11. Bxe4 Nd7 12. c3 g6 13. Qe2 Qc7 14. Bh6 Re8 15.
Rad1 Nf6 16. Bb1 e5 17. Nb5 Qc6 18. Bg5 Bg4 19. f3 Be6 20. Bxf6 Bxf6 21. Nd6
Red8 22. Ne4 Be7 23. Kh1 Rxd1 24. Rxd1 Rd8 25. Rxd8+ Bxd8 26. g4 f6 27. Kg2 Be7
28. Bd3 a6 29. c4 Qd7 30. Qe3 Qc6 1/2-1/2

[Event "BL 0607 SF Berlin - Werder Bremen"]
[Site "?"]
[Date "2006.12.10"]
[Round "6.5"]
[White "Nyback, Tomi"]
[Black "Borriss, Martin Dr"]
[Result "1/2-1/2"]
[WhiteElo "2575"]
[BlackElo "2455"]
[PlyCount "103"]
[EventDate "2006.??.??"]

1. d4 d5 2. c4 e6 3. Nc3 Nf6 4. Bg5 Be7 5. Nf3 O-O 6. e3 h6 7. Bh4 b6 8. Qb3
Bb7 9. Bxf6 Bxf6 10. cxd5 exd5 11. Rd1 Re8 12. a3 c6 13. Bd3 Nd7 14. O-O Nf8
15. e4 Ne6 16. e5 Be7 17. Bb1 Rc8 18. Ne2 Qc7 19. Qd3 g6 20. Nd2 c5 21. f4 cxd4
22. b4 Ng7 23. Nf3 Qc4 24. Qd2 Qb3 25. Nexd4 Qxa3 26. f5 g5 27. f6 Bxb4 28. Qe2
Ne6 29. Nxe6 Rxe6 30. Nxg5 Bc5+ 31. Kh1 Qe3 32. Qc2 Qxg5 33. Qh7+ Kf8 34. Rf5
Qg6 35. Qh8+ Qg8 36. Qxh6+ Ke8 37. Rg5 Qf8 38. Qh7 Kd7 39. Rg7 Kc6 40. Bf5 Rxe5
41. Rxf7 Qh8 42. Rc7+ Rxc7 43. Qxh8 Rxf5 44. Qe8+ Kd6 45. Qg6 Rf2 46. f7+ Kd7
47. Re1 Rc8 48. Qg4+ Kc7 49. Qg3+ Kd7 50. Qg4+ Kc7 51. Qg3+ Kd7 52. Qg4+
1/2-1/2

[Event "BL 0607 SF Berlin - Werder Bremen"]
[Site "?"]
[Date "2006.12.10"]
[Round "6.6"]
[White "Poldauf, Dirk"]
[Black "Fish, Gennadij"]
[Result "1/2-1/2"]
[WhiteElo "2433"]
[BlackElo "2529"]
[PlyCount "119"]
[EventDate "2006.??.??"]

1. c4 c5 2. g3 Nc6 3. Bg2 g6 4. Nc3 Bg7 5. e3 e5 6. Nge2 Nge7 7. O-O O-O 8. a3
d6 9. Ra2 Be6 10. Nd5 b5 11. b3 Rb8 12. d3 Qd7 13. Re1 Bg4 14. Bb2 Nxd5 15.
cxd5 Ne7 16. e4 Rfc8 17. f3 Bh3 18. Rf1 Bxg2 19. Kxg2 a5 20. a4 c4 21. bxc4
bxc4 22. Nc3 cxd3 23. Qxd3 Rb3 24. Qd2 f5 25. Nb5 Rc4 26. Qe2 Rbb4 27. Ba3 Rxa4
28. Nxd6 Rc3 29. Nb5 Rb3 30. Bxe7 Qxb5 31. Rc2 Qxe2+ 32. Rxe2 Kf7 33. Bd6 Rd4
34. Rc1 Rb7 35. Rc6 a4 36. Ra6 Rd7 37. Bc5 Rc4 38. Ba3 Rb7 39. Bd6 Rd4 40. Ba3
Rc4 41. Ra8 Bf6 42. Bd6 Rd7 43. Ra6 fxe4 44. fxe4 Kg7 45. Ba3 Rb7 46. Rf2 Be7
47. d6 Bg5 48. h4 Be3 49. Rf3 Bc5 50. Bxc5 Rxc5 51. Rxa4 Rd7 52. Rd3 Kf6 53.
Ra6 Ke6 54. Kf3 Rc4 55. Ke3 Rb4 56. g4 Rb1 57. Rd5 Rb3+ 58. Rd3 Rb1 59. Rd5
Rb3+ 60. Rd3 1/2-1/2

[Event "BL 0607 SF Berlin - Werder Bremen"]
[Site "?"]
[Date "2006.12.10"]
[Round "6.7"]
[White "Schandorff, Lars"]
[Black "Kraemer, Martin"]
[Result "0-1"]
[WhiteElo "2534"]
[BlackElo "2435"]
[PlyCount "114"]
[EventDate "2006.??.??"]

1. d4 Nf6 2. c4 e6 3. Nf3 b6 4. g3 Ba6 5. b3 Bb4+ 6. Bd2 Be7 7. Bg2 c6 8. Bc3
d5 9. Ne5 Nfd7 10. Nxd7 Nxd7 11. Nd2 O-O 12. O-O f5 13. Qc2 Rc8 14. Rfd1 Nf6
15. a4 Qe8 16. a5 b5 17. c5 b4 18. Bxb4 Bxe2 19. Re1 Bb5 20. Rxe6 Qd7 21. Ree1
Ne4 22. f3 Ng5 23. f4 Ne4 24. a6 Bf6 25. Bc3 g6 26. Nf3 Qg7 27. b4 h6 28. Bh3
Rce8 29. Bb2 Re7 30. Kh1 Bd3 31. Qg2 Rb8 32. Ra4 Qf7 33. Ba1 Qe6 34. Ra3 Bc4
35. Qb2 g5 36. Bg2 Kh8 37. Ne5 Bxe5 38. dxe5 Rg7 39. fxg5 hxg5 40. Kg1 Nxc5 41.
bxc5 Rxb2 42. Bxb2 Rg8 43. Bd4 Rb8 44. h3 Rb4 45. Bc3 Rb5 46. Bd4 Kh7 47. Kh2
Kg6 48. Bf3 Bb3 49. Rb1 Ba4 50. Rxb5 Bxb5 51. g4 Qf7 52. Bd1 fxg4 53. Rg3 Qf4
54. Be3 Qxe5 55. Bxg4 d4 56. Bd2 Be2 57. Bd7 Bf3 0-1

[Event "BL 0607 SF Berlin - Werder Bremen"]
[Site "?"]
[Date "2006.12.10"]
[Round "6.8"]
[White "Schneider, Ilja"]
[Black "Knaak, Rainer"]
[Result "1-0"]
[WhiteElo "2368"]
[BlackElo "2486"]
[PlyCount "101"]
[EventDate "2006.??.??"]

1. e4 Nc6 2. Nc3 e6 3. Nf3 Bb4 4. a3 Bxc3 5. dxc3 d6 6. c4 Nge7 7. Bd3 O-O 8.
O-O e5 9. Nh4 Nd4 10. c3 Ne6 11. b4 g6 12. Ra2 Kh8 13. g3 Ng8 14. Qe1 Nf4 15.
gxf4 Qxh4 16. f3 Qxe1 17. Rxe1 f6 18. c5 Be6 19. Rb2 Rac8 20. a4 Ne7 21. a5 Nc6
22. Bb5 dxc5 23. a6 Nd8 24. axb7 Nxb7 25. Ba6 Rb8 26. fxe5 fxe5 27. Bh6 Rg8 28.
f4 Nd6 29. Bg5 Kg7 30. fxe5 Nf7 31. Bf6+ Kh6 32. Bf1 a5 33. b5 Rge8 34. Ra1 Bc8
35. Rd2 Nxe5 36. Rd5 Nd7 37. Bg5+ Kg7 38. Rad1 Nf8 39. e5 Ne6 40. Bf6+ Kh6 41.
Ra1 g5 42. Rxa5 Bb7 43. Rd7 Be4 44. Ra6 Bf5 45. Bc4 Kh5 46. Kf2 h6 47. Kg3 Kg6
48. h4 g4 49. Rxe6 Rxe6 50. Rg7+ Kh5 51. Kf4 1-0

[Event "BL 0607 Hamburger SK - Werder Bremen"]
[Site "www.hsk1830.de"]
[Date "2006.11.17"]
[Round "7.2"]
[White "Gustafsson, Jan"]
[Black "Pelletier, Yannick"]
[Result "1/2-1/2"]
[WhiteElo "2584"]
[BlackElo "2588"]
[PlyCount "26"]
[EventDate "2006.??.??"]

1. d4 Nf6 2. c4 e6 3. Nf3 b6 4. g3 Bb4+ 5. Bd2 Bxd2+ 6. Qxd2 Ba6 7. b3 O-O 8.
Nc3 d5 9. Bg2 c6 10. Ne5 Nfd7 11. Nxd7 Nxd7 12. cxd5 cxd5 13. O-O Rc8 1/2-1/2

[Event "BL 0607 Hamburger SK - Werder Bremen"]
[Site "www.hsk1830.de"]
[Date "2006.11.17"]
[Round "7.3"]
[White "Babula, Vlastimil"]
[Black "Ftacnik, Lubomir"]
[Result "1/2-1/2"]
[WhiteElo "2584"]
[BlackElo "2580"]
[PlyCount "47"]
[EventDate "2006.??.??"]

1. d4 Nf6 2. c4 g6 3. Nc3 d5 4. Nf3 Bg7 5. Qb3 dxc4 6. Qxc4 O-O 7. e4 Bg4 8.
Be3 Nfd7 9. Qb3 c5 10. d5 Na6 11. Be2 Qb6 12. Qxb6 axb6 13. a3 Nc7 14. O-O Ne5
15. Nxe5 Bxe2 16. Nxg6 Bxf1 17. Nxe7+ Kh8 18. Kxf1 Rfe8 19. d6 Ne6 20. f4 Nd4
21. Rd1 Rad8 22. Nc8 Rd7 23. Nxb6 Rxd6 24. Nc4 1/2-1/2

[Event "BL 0607 Hamburger SK - Werder Bremen"]
[Site "www.hsk1830.de"]
[Date "2006.11.17"]
[Round "7.4"]
[White "Kempinski, Robert"]
[Black "Nyback, Tomi"]
[Result "1-0"]
[WhiteElo "2590"]
[BlackElo "2575"]
[PlyCount "79"]
[EventDate "2006.??.??"]

1. d4 Nf6 2. c4 e6 3. Nf3 b6 4. g3 Ba6 5. Qa4 Bb7 6. Bg2 c5 7. dxc5 Bxc5 8. O-O
O-O 9. Nc3 Be7 10. Bf4 Na6 11. Rfd1 Nc5 12. Qc2 Qc8 13. Rd4 d5 14. cxd5 exd5
15. Rdd1 Nce4 16. Rac1 Nxc3 17. Qxc3 Qxc3 18. Rxc3 Bc5 19. Ne5 Ne4 20. Bxe4
dxe4 21. Nd7 Rfc8 22. Nxc5 bxc5 23. Be3 Ba6 24. Kf1 Rd8 25. Rxd8+ Rxd8 26. Ke1
Bb7 27. Rxc5 Rd7 28. Rb5 a6 29. Rb6 f6 30. b4 Kf7 31. a4 Bc8 32. Bc5 Rc7 33. a5
Ke8 34. Kd2 Bb7 35. Ke3 Kd8 36. Bd6 Rd7 37. h4 Bc8 38. Bc5 Bb7 39. b5 axb5 40.
a6 1-0

[Event "BL 0607 Hamburger SK - Werder Bremen"]
[Site "www.hsk1830.de"]
[Date "2006.11.17"]
[Round "7.5"]
[White "Fish, Gennadij"]
[Black "Hansen, Sune Berg"]
[Result "1/2-1/2"]
[WhiteElo "2529"]
[BlackElo "2561"]
[PlyCount "47"]
[EventDate "2006.??.??"]

1. d4 d5 2. c4 c6 3. Nc3 Nf6 4. Nf3 a6 5. e3 e6 6. Be2 dxc4 7. a4 c5 8. Bxc4
Nc6 9. O-O Be7 10. Qe2 cxd4 11. Rd1 e5 12. exd4 exd4 13. Nxd4 Nxd4 14. Qe5 Qd6
15. Qxd4 Qxd4 16. Rxd4 Be6 17. Bxe6 fxe6 18. Bg5 Kf7 19. Bxf6 gxf6 20. Rd7 Rab8
21. Re1 Rhd8 22. Rc7 Rdc8 23. Rd7 Rd8 24. Rc7 1/2-1/2

[Event "BL 0607 Hamburger SK - Werder Bremen"]
[Site "www.hsk1830.de"]
[Date "2006.11.17"]
[Round "7.6"]
[White "Mueller, Karsten"]
[Black "Schandorff, Lars"]
[Result "1/2-1/2"]
[WhiteElo "2500"]
[BlackElo "2534"]
[PlyCount "152"]
[EventDate "2006.??.??"]

1. e4 e5 2. Bc4 Nf6 3. d3 Nc6 4. Nc3 Bb4 5. Nge2 d5 6. exd5 Nxd5 7. O-O Be6 8.
Bxd5 Bxd5 9. f4 O-O 10. f5 f6 11. Ng3 Re8 12. Nce4 Bf8 13. Qg4 Kh8 14. Be3 Bf7
15. Kh1 Nd4 16. Rf2 a5 17. c3 Nb5 18. Rd2 a4 19. a3 b6 20. Rf1 Nd6 21. Rf3 Re7
22. Nxd6 Qxd6 23. Ne4 Qc6 24. Qh4 Rd7 25. Rh3 Bg8 26. Kg1 Rad8 27. Nf2 Qb5 28.
Qe4 Qb3 29. Qf3 c5 30. g4 e4 31. Nxe4 Rxd3 32. Re2 Qd5 33. Nf2 Qxf3 34. Rxf3
R3d7 35. Bf4 Bc4 36. Re1 b5 37. Rfe3 Bf7 38. g5 Rd5 39. gxf6 gxf6 40. Ng4 Rxf5
41. Nh6 Bxh6 42. Bxh6 Rg8+ 43. Rg3 Rh5 44. Rxg8+ Kxg8 45. Bf4 Kg7 46. Kf2 Rf5
47. Kg3 Rd5 48. Re2 Rd3+ 49. Be3 b4 50. cxb4 cxb4 51. axb4 Rb3 52. Kf2 Rxb4 53.
Rd2 Rh4 54. Kg3 Re4 55. Kf3 Rb4 56. Bd4 Rb3+ 57. Ke4 Rb8 58. Bc3 Re8+ 59. Kf5
Be6+ 60. Kf4 Rc8 61. Rd6 Kf7 62. Ra6 Rc4+ 63. Kg3 h5 64. Kf3 Rh4 65. Kg3 Rg4+
66. Kf2 Rc4 67. Kf3 Rh4 68. Kg3 Rg4+ 69. Kf2 h4 70. Kf3 Rc4 71. h3 Bd5+ 72. Ke3
Re4+ 73. Kd3 Rf4 74. Ke3 Re4+ 75. Kd3 Rf4 76. Ke3 Re4+ 1/2-1/2

[Event "BL 0607 Hamburger SK - Werder Bremen"]
[Site "www.hsk1830.de"]
[Date "2006.11.17"]
[Round "7.7"]
[White "Knaak, Rainer"]
[Black "Reeh, Oliver"]
[Result "0-1"]
[WhiteElo "2486"]
[BlackElo "2445"]
[PlyCount "70"]
[EventDate "2006.??.??"]

1. d4 Nf6 2. c4 e6 3. Nc3 Bb4 4. Qc2 Nc6 5. Nf3 d6 6. a3 Bxc3+ 7. Qxc3 a5 8. b3
O-O 9. Bb2 Qe7 10. e3 Re8 11. Bd3 e5 12. d5 e4 13. dxc6 exd3 14. O-O-O bxc6 15.
Rxd3 c5 16. Nd2 Qf8 17. f3 Nd7 18. f4 Bb7 19. Rg1 Nf6 20. g4 Ne4 21. Nxe4 Bxe4
22. Rd2 Rab8 23. Rg3 Rb6 24. Qxa5 Ra8 25. Qc3 Rab8 26. b4 cxb4 27. axb4 Rxb4
28. c5 Rb3 29. Qa5 R8b5 30. Qa1 Qb8 31. h4 Rxc5+ 32. Kd1 Rd5 33. Bc1 Rxd2+ 34.
Kxd2 Qb4+ 35. Kd1 Qc4 0-1

[Event "BL 0607 Hamburger SK - Werder Bremen"]
[Site "www.hsk1830.de"]
[Date "2006.11.17"]
[Round "7.8"]
[White "Heinemann, Thies"]
[Black "Skripchenko, Almira"]
[Result "1-0"]
[WhiteElo "2453"]
[BlackElo "2427"]
[PlyCount "141"]
[EventDate "2006.??.??"]

1. e4 c5 2. Nf3 e6 3. d4 cxd4 4. Nxd4 Nf6 5. Nc3 Nc6 6. Ndb5 d6 7. Bf4 e5 8.
Bg5 a6 9. Na3 b5 10. Bxf6 gxf6 11. Nd5 Bg7 12. Bd3 Ne7 13. Nxe7 Qxe7 14. c3 f5
15. O-O O-O 16. Nc2 Bb7 17. exf5 Qg5 18. Ne3 d5 19. f4 exf4 20. Qg4 Qxg4 21.
Nxg4 Rfe8 22. Rxf4 h5 23. f6 Bf8 24. Raf1 Bc8 25. Nf2 Re5 26. Rd1 Bd7 27. Bc2
Bh6 28. Rf3 Rae8 29. h3 Re1+ 30. Kh2 Rxd1 31. Bxd1 Re1 32. Kg3 Bg5 33. h4 Bc1
34. Rd3 Re5 35. b3 Be6 36. Bf3 Kh7 37. Rd1 Be3 38. Nd3 Rf5 39. Nb4 Rxf6 40.
Nxd5 Rg6+ 41. Kh2 Bf2 42. Ne7 Bg3+ 43. Kg1 Rf6 44. Nd5 Bxd5 45. Rxd5 Bxh4 46.
Rxh5+ Rh6 47. Rd5 Re6 48. Kh2 Bf2 49. Kh3 Kg6 50. Kg4 f6 51. Kf4 Be3+ 52. Kg3
Re5 53. Rxe5 fxe5 54. Bb7 a5 55. Kf3 Bd2 56. c4 bxc4 57. bxc4 Kf6 58. Ke4 Ke6
59. g4 a4 60. c5 a3 61. Bd5+ Kf6 62. Bb3 Bb4 63. Kd5 e4 64. c6 e3 65. Bd1 Ke7
66. g5 Ba5 67. Be2 Bc7 68. g6 Kf6 69. Bd3 Bg3 70. Kc5 Bc7 71. Kb5 1-0